000 00868nam a22003017a 4500
001 BR8900174
003 BR-BrBNA
005 20230928093122.0
007 ta
008 230509b bl.||||| |||| 00| 0 por d
040 _aBR-BrBNA
_bpor
_cBiblioteca Nacional de Agricultura
041 _a(Por)
072 _aF01
_b/G514
090 _ F01 BR8900174
100 1 _aPinho, A. de
100 1 _aMiranda, M.H.
100 1 _aCarvalho, S.M. de
100 1 _aFaria, S.M.C.
110 1 _aSecretaria Nacional de Producao Agropecuaria, Brasilia, DF (Brasil)
_99224
245 1 _aBrasil. Informacoes estatisticas da fruticultura nacional. Periodo: 1977/81
260 3 _aBrasilia, DF (Brasil):
_c1988.
300 _a60 p.
500 _aNumerical data
650 _aFRUTICULTURA
650 _aPRODUCAO VEGETAL
909 _a202309
_bLucia
_c55
_dLucia Elande
942 _cBK
999 _c43107
_d43107